Statistics for American TV scripted Shows of 2019-20 season

Click here to take the quiz!

General Stats

  • This quiz has been taken 24 times
    (7 since last reset)
  • The average score is 24 of 100

Answer Stats

ChannelSeasonShow% Correct
ABC16 (renewed)Grey's Anatomy
86%
NBC7 (renewed)Brooklyn Nine-Nine
57%
NBC21 (renewed)Law & Order : Special Victims Unit
57%
CBS17 (renewed)N.C.I.S
57%
ABC3 (renewed)The Good Doctor
57%
FOX31 (renewed)The Simpsons
57%
ABC6 (renewed)Black-ish
43%
CBS10 (renewed)Blue Bloods
43%
NBC7 (renewed)Chicago Police Departement
43%
TheCW3 (renewed)Dynasty
43%
ABC6 (finale)Fresh Off the Boat
43%
ABC6 (finale)How To Get Away With Murder
43%
NBC2 (renewed)Manifest
43%
ABC11 (finale)Modern Family
43%
CBS11 (renewed)N.C.I.S : Los Angeles
43%
TheCW4 (renewed)Riverdale
43%
TheCW15 (finale)Supernatural
43%
CBS2 (renewed)The Neighborhood
43%
NBC4 (finale)This Is Us
43%
FOX3 (renewed)9-1-1
29%
CBS1 (renewed)All Rise
29%
ABC2 (renewed)A Million Little Things
29%
CBS4 (renewed)Bull
29%
TheCW2 (renewed)Charmed
29%
NBC8 (renewed)Chicago Fire
29%
CBS15 (finale)Criminal Minds
29%
FOX6 (finale)Empire
29%
FOX18 (renewed)Family Guy
29%
CBS2 (renewed)F.B.I.
29%
CBS1 (renewed)FBI: Most Wanted
29%
CBS10 (finale)Hawaii Five-0
29%
TheCW2 (renewed)In The Dark
29%
FOX8 (renewed)Last Man Standing
29%
CBS6 (finale)Madam Secretary
29%
ABC1 (renewed)Mixed-ish
29%
CBS7 (renewed)Mom
29%
TheCW2 (renewed)Roswell, New Mexico
29%
TheCW5 (renewed)Supergirl
29%
TheCW7 (finale)The 100
29%
NBC7 (renewed)The Blacklist
29%
ABC2 (renewed)The Conners
29%
TheCW6 (renewed)The Flash
29%
NBC4 (finale)The Good Place
29%
FOX1 (renewed)9-1-1: Lone Star
14%
TheCW2 (renewed)All American
14%
FOX1 (cancelled)Almost Family
14%
ABC4 (renewed)American Housewife
14%
TheCW8 (finale)Arrow
14%
TheCW1 (renewed)Batwoman
14%
TheCW3 (renewed)Black Lightning
14%
FOX1 (renewed)Bless The Harts
14%
ABC2 (cancelled)Bless This Mess
14%
NBC5 (finale)Blindspot
14%
NBC1 (cancelled)Bluff City Law
14%
CBS1 (renewed)Bob ♡ Abishola
14%
FOX10 (renewed)Bob's Burgers
14%
CBS1 (cancelled)Broke
14%
CBS1 (cancelled)Carol's Second Act
14%
NBC5 (renewed)Chicago Med
14%
NBC1Council of Dads
14%
TheCW5 (renewed)DC Legends of Tomorrow
14%
FOX1 (cancelled)Deputy
14%
FOX1 (renewed)Duncanville
14%
ABC1 (cancelled)Emergence
14%
CBS1 (renewed)Evil
14%
ABC1 (renewed)For Life
14%
CBS2 (cancelled)God Friended Me
14%
NBC3 (renewed)Good Girls
14%
NBC1 (cancelled)Indebted
14%
TheCW1Katy Keene
14%
TheCW2 (renewed)Legacies
14%
NBC1 (cancelled)Lincoln Rhyme : Hunt for the Bone Collector
14%
CBS4 (renewed)MacGyver
14%
CBS2 (renewed)Magnum P.I.
14%
CBS4 (cancelled)Man With a Plan
14%
ABC7 (finale)Marvel : Agents of S.H.I.E.L.D.
14%
TheCW1 (renewed)Nancy Drew
14%
CBS6 (renewed)N.C.I.S : New Orleans
14%
NBC2 (renewed)New Amsterdam
14%
FOX1 (cancelled)Outmatched
14%
NBC1 (cancelled)Perfect Harmony
14%
FOX1 (renewed)Prodigal Son
14%
ABC2 (cancelled)Schooled
14%
CBS3 (renewed)SEAL Team
14%
ABC2 (cancelled)Single Parents
14%
ABC3 (renewed)Station 19
14%
ABC1 (renewed)Stumptown
14%
NBC1 (cancelled)Sunnyside
14%
NBC5 (renewed)Superstore
14%
CBS3 (renewed)S.W.A.T.
14%
ABC1 (cancelled)The Baker & The Beauty
14%
ABC7 (renewed)The Goldbergs
14%
FOX1 (limited)The Moodys
14%
FOX3 (renewed)The Resident
14%
ABC2 (renewed)The Rookie
14%
CBS1 (renewed)The Unicorn
14%
CBS1 (cancelled)Tommy
14%
NBC11 (finale)Will & Grace
14%
CBS3 (renewed)Young Sheldon
14%
NBC1 (renewed)Zoey's Extraordinary Playlist
14%

Score Distribution

Percentile by Number Answered

Percent of People with Each Score

Your Score History

You have not taken this quiz since the last reset